[Event "IECC KO-1072"]
[Site "IECC email"]
[Date "2007.12.04"]
[Round "?"]
[White "Horton, Stephen"]
[Black "Badenhorst, Jack"]
[Result "0-1"]
[WhiteElo "940"]
[BlackElo "1060"]
[PlyCount "106"]
[EventDate "2007.??.??"]
[EventType "match (corr)"]
[EventRounds "2"]
[SourceTitle "Corr 2020"]
[Source "ChessBase"]
[SourceDate "2019.09.30"]
[SourceVersion "1"]
[SourceVersionDate "2019.09.30"]
[SourceQuality "1"]
[WhiteTeam "United States"]
[BlackTeam "Australia"]
[WhiteTeamCountry "USA"]
[BlackTeamCountry "AUS"]

1. e4 e5 2. Nf3 Nc6 3. Bb5 a6 4. Ba4 Nf6 5. 0-0 d6 6. d3 Bg4 7. Nc3 Be7 8. d4 b5 9. dxe5 Nxe5 10. Bb3 0-0 11. Bf4 Nxf3+ 12. gxf3 Bh3 13. Re1 Nh5 14. Be3 Bg5 15. f4 Nxf4 16. Nd5 Nxd5 17. Bxd5 Rb8 18. Qh5 Bxe3 19. Rxe3 Be6 20. Rae1 Qf6 21. Rg3 g6 22. Qg5 Qxg5 23. Rxg5 Rfe8 24. h4 f6 25. Rg4 Bxd5 26. f3 f5 27. Rg2 Re7 28. h5 Kg7 29. Kf2 fxe4 30. hxg6 hxg6 31. Rg5 Bb7 32. Reg1 e3+ 33. Ke2 Kf6 34. f4 Rg8 35. R1g3 c5 36. f5 Be4 37. Kxe3 Bxf5+ 38. Kf4 Reg7 39. Ra3 Ra8 40. Rag3 a5 41. Rb3 Rb8 42. a4 Bxc2 43. Re3 Bxa4 44. b3 d5 45. bxa4 bxa4 46. Ra3 Rb4+ 47. Ke3 Rb3+ 48. Kf4 Rxa3 49. Rxd5 g5+ 50. Kg4 Re7 51. Rd6+ Re6 52. Rd5 Re4+ 53. Kh5 Rh3# 0-1